Deutsche Schiffe beim Namen nennen - Statistiken

Allgemein
  • Dieses Quiz wurde 29 mal gespielt
  • Das Durchschnittsergebnis liegt bei 4 aus 12
Antwortstatistiken
Bildquiz Hint Antwort % Korrekt
Schulschiff der Bundesmarine Gorch Fock
92%
Museumsschiff, früher Positionsfeuerschiff auf der Elbmündung Feuerschiff Elbe 1
62%
Frachtsegler, heute Museumsschiff in Hamburg Rickmer Rickmers
50%
das größte betriebsfähige Museumsfrachtschiff der Welt Cap San Diego
46%
größte Schiffsunglück der Geschichte nach Zahl der Todesopfer Wilhelm Gustloff
38%
Bekannt aus der Beck's Werbung Alexander von Humboldt II
31%
technisches Denkmal, kohlebefeuerter Dampf-Eisbrecher Stettin
31%
Letzter Frachtsegler der Flying-P-Liner noch in Fahrt Padua (Kruzenshtern )
15%
Größte der Flying-P-Liner Preußen
12%
ehem. Segelschulschiff der DDR-Marine Greif
4%
Gewinnerin des Volvo Ovean Race 2001/02 Illbruck Challenge
4%
Boris Herrmanns Yacht zur 10. Vendée Globe Malizia-Seaexplorer
4%
Keine übereinstimmenden Quizze gefunden
Verteilung der Resultate
Anzahl Personen mit jedem Resultat
Perzentil nach korrekt beantworteten Fragen
Ihre Resultats-Entwicklung
Sie haben dieses Quiz noch nicht gespielt